[Event "POL-chT 3rd League Wielkopolska 12/13"]
[Site "Poznan"]
[Date "2012.12.02"]
[Round "2.25"]
[White "Krystofiak, Tomasz"]
[Black "Plonczak, Dominik"]
[Result "0-1"]
[WhiteElo "2096"]
[BlackElo "2181"]
[PlyCount "142"]
[EventDate "2012.11.25"]
[EventType "team-tourn"]
[EventRounds "11"]
[EventCountry "POL"]
[SourceTitle "EXT 2014"]
[Source "ChessBase"]
[SourceDate "2013.11.20"]
[SourceVersion "1"]
[SourceVersionDate "2013.11.20"]
[SourceQuality "1"]
[WhiteTeam "Szamotuly Baszta"]
[BlackTeam "Kornik MUKS Wieza Kornicka"]
[WhiteTeamCountry "POL"]
[BlackTeamCountry "POL"]

1. d4 d6 2. Nf3 Nd7 3. e4 e5 4. d5 g6 5. c4 Bg7 6. Nc3 Ne7 7. h4 h6 8. g4 Nf6 9. g5 Nh5 10. gxh6 Bxh6 11. Bxh6 Rxh6 12. Qd2 Ng8 13. Bh3 Bxh3 14. Rxh3 Qd7 15. Rh1 Qg4 16. Qe3 Nf4 17. 0-0-0 Ng2 18. Qd3 Nxh4 19. Nxh4 Rxh4 20. Rxh4 Qxh4 21. c5 a6 22. Rd2 Qg4 23. Qc4 Qd7 24. Qb4 Rb8 25. Rc2 dxc5 26. Qxc5 Rc8 27. Qe3 Nf6 28. f4 exf4 29. Qxf4 Nh5 30. Qe5+ Qe7 31. Qh8+ Kd7 32. Qd4 Qf6 33. Qa4+ Kd8 34. Rd2 Nf4 35. Qb4 Qd6 36. Qxb7 Qb6 37. Qxb6 cxb6 38. Kd1 Ke7 39. Ne2 Nxe2 40. Kxe2 Kd6 41. Ke3 Ke5 42. Kd3 f5 43. exf5 gxf5 44. Ke3 Rd8 45. Kf3 Rxd5 46. Re2+ Kd4 47. Re6 Rb5 48. b3 Kc3 49. Re2 Kb4 50. Rd2 Ka3 51. Ke3 a5 52. Kd4 Rc5 53. Rf2 Rc6 54. Kd5 Rc1 55. Kd4 f4 56. Kd3 b5 57. Rxf4 Kxa2 58. Rf5 b4 59. Rxa5+ Kxb3 60. Kd2 Rc2+ 61. Kd1 Ra2 62. Rc5 Rh2 63. Rc8 Kb2 64. Rb8 Rh4 65. Kd2 Rd4+ 66. Ke3 Kc3 67. Rc8+ Rc4 68. Rd8 b3 69. Rd3+ Kc2 70. Rd2+ Kc1 71. Kd3 Rd4+ 0-1

[Event "POL-chT3 Wielkopolska 1112"]
[Site "Poland"]
[Date "2012.01.15"]
[Round "4.1"]
[White "Krystofiak, Tomasz"]
[Black "Kozlowski, Tomasz"]
[Result "1/2-1/2"]
[WhiteElo "2094"]
[BlackElo "1963"]
[PlyCount "48"]
[EventDate "2011.11.27"]
[EventType "team-tourn"]
[EventRounds "11"]
[EventCountry "POL"]
[SourceTitle "EXT 2014"]
[Source "ChessBase"]
[SourceDate "2013.11.20"]
[SourceVersion "1"]
[SourceVersionDate "2013.11.20"]
[SourceQuality "1"]
[WhiteTeam "Szamotuly Baszta"]
[BlackTeam "Srem LKS Piast"]
[WhiteTeamCountry "POL"]
[BlackTeamCountry "POL"]

1. d4 d6 2. e4 c6 3. f4 Qc7 4. Nf3 Bg4 5. Bc4 e6 6. 0-0 Nd7 7. a4 0-0-0 8. h3 Bxf3 9. Rxf3 Ngf6 10. Bd3 e5 11. c3 d5 12. Nd2 dxe4 13. Nxe4 exd4 14. cxd4 Nxe4 15. Bxe4 Nf6 16. Bf5+ Kb8 17. Qb3 Nd5 18. Be4 Nf6 19. Bd3 Bd6 20. g3 Nd5 21. Bc4 f5 22. Bd2 Qb6 23. Qxb6 Nxb6 24. Be6 Rhf8 1/2-1/2

[Event "POL-chT3 Wielkopolska 1112"]
[Site "Poland"]
[Date "2012.??.??"]
[Round "9.19"]
[White "Krystofiak, Tomasz"]
[Black "Hemmerling, Jaroslaw"]
[Result "1/2-1/2"]
[WhiteElo "2094"]
[BlackElo "1956"]
[PlyCount "111"]
[EventDate "2011.11.27"]
[EventType "team-tourn"]
[EventRounds "11"]
[EventCountry "POL"]
[SourceTitle "EXT 2014"]
[Source "ChessBase"]
[SourceDate "2013.11.20"]
[SourceVersion "1"]
[SourceVersionDate "2013.11.20"]
[SourceQuality "1"]
[WhiteTeam "Szamotuly Baszta"]
[BlackTeam "Steszew Lipno"]
[WhiteTeamCountry "POL"]
[BlackTeamCountry "POL"]

1. d4 Nf6 2. Nf3 b5 3. g3 Bb7 4. Bg2 e6 5. 0-0 Be7 6. Qd3 a6 7. c4 bxc4 8. Qxc4 Bd5 9. Qc2 Nc6 10. a3 Bxf3 11. exf3 Nxd4 12. Qc4 c5 13. b4 d5 14. Qd3 Nd7 15. Bb2 Bf6 16. bxc5 Nxc5 17. Qe3 Nc2 18. Qxc5 Nxa1 19. Qc6+ Kf8 20. Bxf6 gxf6 21. Qc3 Rc8 22. Qxa1 Kg7 23. f4 Qa5 24. Qb2 Rb8 25. Qe2 Rhc8 26. Qg4+ Kf8 27. Qh4 Kg7 28. Qg4+ Kf8 29. Qh4 Ke7 30. Qxh7 Rb2 31. Bf3 Rcc2 32. Bh5 Qb6 33. Qxf7+ Kd6 34. f5 Rxb1 35. Qxe6+ Kc7 36. Qxb6+ Rxb6 37. Rd1 Rbb2 38. Rxd5 Rxf2 39. Rd3 Rg2+ 40. Kf1 Rxh2 41. Bf3 Rb1+ 42. Bd1 Kc6 43. g4 Kc5 44. Kg1 Ra2 45. Kf1 Rba1 46. g5 fxg5 47. f6 Rh2 48. f7 Rh8 49. Kg2 Rf8 50. Bh5 Re1 51. Rf3 Re4 52. Rf5+ Kd6 53. Rxg5 Ra4 54. Rg3 Ra5 55. Rh3 Ke6 56. Kf2 1/2-1/2

[Event "POL-chT3 Wielkopolska 1112"]
[Site "Poland"]
[Date "2012.??.??"]
[Round "7.25"]
[White "Mantorski, Robert"]
[Black "Krystofiak, Tomasz"]
[Result "0-1"]
[WhiteElo "1961"]
[BlackElo "2094"]
[PlyCount "54"]
[EventDate "2011.11.27"]
[EventType "team-tourn"]
[EventRounds "11"]
[EventCountry "POL"]
[SourceTitle "EXT 2014"]
[Source "ChessBase"]
[SourceDate "2013.11.20"]
[SourceVersion "1"]
[SourceVersionDate "2013.11.20"]
[SourceQuality "1"]
[WhiteTeam "Witkowo Jurand"]
[BlackTeam "Szamotuly Baszta"]
[WhiteTeamCountry "POL"]
[BlackTeamCountry "POL"]

1. Nf3 f5 2. d4 Nf6 3. g3 g6 4. Bg2 Bg7 5. 0-0 0-0 6. c4 d6 7. Nc3 Qe8 8. Nd5 Na6 9. Nxf6+ Rxf6 10. Bg5 Rf8 11. Qd2 c6 12. Bh6 e5 13. Bxg7 Kxg7 14. d5 c5 15. e4 f4 16. Ne1 g5 17. f3 Nc7 18. Kf2 b5 19. cxb5 Qxb5 20. gxf4 gxf4 21. Rg1 Kh8 22. Bf1 Qb6 23. Bc4 Bh3 24. Nd3 Nb5 25. Bxb5 c4+ 26. Ke2 Qxb5 27. Nxf4 Rxf4 0-1

[Event "POL-chT3 2010/11"]
[Site "Wielkopolska"]
[Date "2011.03.28"]
[Round "8"]
[White "Trafas, Dariusz"]
[Black "Krystofiak, Tomasz"]
[Result "0-1"]
[WhiteElo "2095"]
[BlackElo "2080"]
[PlyCount "48"]
[EventDate "2010.11.28"]
[EventType "team-tourn"]
[EventRounds "11"]
[EventCountry "POL"]
[SourceTitle "EXT 2019"]
[Source "ChessBase"]
[SourceDate "2018.10.10"]
[SourceVersion "1"]
[SourceVersionDate "2018.10.10"]
[SourceQuality "1"]
[WhiteTeam "Koscian Tecza"]
[BlackTeam "Szamotuly Baszta"]
[WhiteTeamCountry "POL"]
[BlackTeamCountry "POL"]

1. e4 c5 2. Nf3 a6 3. d4 cxd4 4. Nxd4 Nf6 5. Nc3 e5 6. Nb3 Bb4 7. Bd3 d5 8. exd5 e4 9. Be2 Qxd5 10. 0-0 Bxc3 11. bxc3 0-0 12. Ba3 Re8 13. c4 Qg5 14. Re1 Nc6 15. Bd6 Ne5 16. Bxe5 Rxe5 17. Qd8+ Re8 18. Qc7 Bh3 19. Bf1 Rac8 20. Qxb7 Rxc4 21. Qxa6 Rxc2 22. Qd6 e3 23. Kh1 Ne4 24. Qa6 Bxg2+ 0-1

[Event "POL-chT3 Wielkopolska 1112"]
[Site "Poland"]
[Date "2011.??.??"]
[Round "3.31"]
[White "Krystofiak, Tomasz"]
[Black "Miszczak, Mateusz"]
[Result "1-0"]
[WhiteElo "2094"]
[BlackElo "1965"]
[PlyCount "55"]
[EventDate "2011.11.27"]
[EventType "team-tourn"]
[EventRounds "11"]
[EventCountry "POL"]
[SourceTitle "EXT 2014"]
[Source "ChessBase"]
[SourceDate "2013.11.20"]
[SourceVersion "1"]
[SourceVersionDate "2013.11.20"]
[SourceQuality "1"]
[WhiteTeam "Szamotuly Baszta"]
[BlackTeam "Rawicz Korona Rawbud"]
[WhiteTeamCountry "POL"]
[BlackTeamCountry "POL"]

1. d4 Nf6 2. Nf3 e6 3. g3 b6 4. Bg2 Bb7 5. c4 Be7 6. 0-0 d6 7. Nc3 0-0 8. b3 Nbd7 9. Bb2 c5 10. d5 e5 11. e4 g6 12. Ne1 Nh5 13. Nd3 Ng7 14. f4 f5 15. fxe5 dxe5 16. Qe2 Bd6 17. Rae1 a6 18. Bh3 Qc7 19. a4 Rae8 20. Bc1 Bc8 21. Bh6 Nb8 22. Qg2 fxe4 23. Rxf8+ Rxf8 24. Nxe4 Bxh3 25. Qxh3 Rf3 26. Bxg7 Rxd3 27. Nf6+ Kf7 28. Qe6+ 1-0

[Event "POL-chT3 2010/11"]
[Site "Wielkopolska"]
[Date "2010.12.25"]
[Round "3"]
[White "Markowski, Piotr"]
[Black "Krystofiak, Tomasz"]
[Result "0-1"]
[WhiteElo "2167"]
[BlackElo "2080"]
[PlyCount "46"]
[EventDate "2010.11.28"]
[EventType "team-tourn"]
[EventRounds "11"]
[EventCountry "POL"]
[SourceTitle "EXT 2019"]
[Source "ChessBase"]
[SourceDate "2018.10.10"]
[SourceVersion "1"]
[SourceVersionDate "2018.10.10"]
[SourceQuality "1"]
[WhiteTeam "Rawicz Korona Rawbud"]
[BlackTeam "Szamotuly Baszta"]
[WhiteTeamCountry "POL"]
[BlackTeamCountry "POL"]

1. c4 c6 2. e4 d5 3. exd5 cxd5 4. d4 Nf6 5. Nc3 g6 6. Bg5 Ne4 7. Bf4 Bg7 8. Nxd5 Na6 9. Nf3 0-0 10. Bd3 Qa5+ 11. b4 Nxb4 12. Bxe4 Nc2+ 13. Kf1 Nxa1 14. Nxe7+ Kh8 15. Qxa1 Re8 16. Bd6 Qa6 17. Bc5 Qxc4+ 18. Kg1 Qxc5 19. Nxc8 Raxc8 20. dxc5 Bxa1 21. Bxb7 Rxc5 22. Ba6 Ra5 23. Bc4 Rc8 0-1

[Event "POL-chT3 2010/11"]
[Site "Wielkopolska"]
[Date "2010.11.28"]
[Round "1"]
[White "Krystofiak, Tomasz"]
[Black "Bernat, Marcin"]
[Result "1-0"]
[WhiteElo "2080"]
[BlackElo "2170"]
[PlyCount "75"]
[EventDate "2010.11.28"]
[EventType "team-tourn"]
[EventRounds "11"]
[EventCountry "POL"]
[SourceTitle "EXT 2019"]
[Source "ChessBase"]
[SourceDate "2018.10.10"]
[SourceVersion "1"]
[SourceVersionDate "2018.10.10"]
[SourceQuality "1"]
[WhiteTeam "Szamotuly Baszta"]
[BlackTeam "Poznan Lech"]
[WhiteTeamCountry "POL"]
[BlackTeamCountry "POL"]

1. d4 Nf6 2. Bg5 d5 3. Bxf6 exf6 4. e3 Bd6 5. g3 0-0 6. Bg2 c6 7. Ne2 Bg4 8. 0-0 Nd7 9. h3 Bxe2 10. Qxe2 f5 11. c4 dxc4 12. Qxc4 Qe7 13. Nc3 Rfc8 14. Qd3 g6 15. Rfe1 Rab8 16. e4 fxe4 17. Nxe4 Nb6 18. h4 Qd8 19. Re2 Bf8 20. Rae1 Bg7 21. Bh3 Rc7 22. Ng5 h6 23. Nxf7 Kxf7 24. h5 Nd5 25. Qxg6+ Kf8 26. Re5 Rf7 27. Be6 Rf6 28. Qh7 Ne7 29. R1e4 Qd6 30. Rg4 Rxe6 31. Rxg7 Ke8 32. Rxe6 Qxe6 33. Qh8+ Kd7 34. Qxb8 Qe1+ 35. Kg2 Qe4+ 36. Kh2 Ke6 37. Qxb7 Kf6 38. Qxe7+ 1-0

[Event "POL-chT 2nd League"]
[Site "Lublin"]
[Date "2006.09.07"]
[Round "6.112"]
[White "Krystofiak, Tomasz"]
[Black "Trafas, Dariusz"]
[Result "1/2-1/2"]
[WhiteElo "2093"]
[BlackElo "2088"]
[PlyCount "66"]
[EventDate "2006.09.02"]
[EventType "team-swiss"]
[EventRounds "9"]
[EventCountry "POL"]
[SourceTitle "EXT 2019"]
[Source "ChessBase"]
[SourceDate "2018.10.10"]
[SourceVersion "1"]
[SourceVersionDate "2018.10.10"]
[SourceQuality "1"]
[WhiteTeam "Poznan Polan"]
[BlackTeam "Koscian Tecza"]
[WhiteTeamCountry "POL"]
[BlackTeamCountry "POL"]

1. d4 Nf6 2. f4 d5 3. Nf3 e6 4. e3 c5 5. c3 Nc6 6. Bd3 Qc7 7. 0-0 a6 8. Ne5 g6 9. Nd2 Bg7 10. b3 b6 11. Bb2 Bb7 12. Qe2 0-0 13. Rac1 Rfc8 14. g4 Ne8 15. g5 Ne7 16. Ndf3 Nd6 17. Nh4 Nef5 18. Nxf5 exf5 19. c4 dxc4 20. bxc4 Be4 21. d5 b5 22. Bxe4 Nxe4 23. Nc6 Bxb2 24. Qxb2 b4 25. h4 Re8 26. Rf3 Qd6 27. h5 Rac8 28. hxg6 fxg6 29. Rh3 Rc7 30. Kg2 Nc3 31. Rxc3 bxc3 32. Qxc3 Rxc6 33. dxc6 Qxc6+ 1/2-1/2

[Event "POL-chT 2nd League"]
[Site "Lublin"]
[Date "2006.09.06"]
[Round "5.100"]
[White "Kopczyk, Daniel"]
[Black "Krystofiak, Tomasz"]
[Result "1/2-1/2"]
[WhiteElo "2168"]
[BlackElo "2093"]
[PlyCount "66"]
[EventDate "2006.09.02"]
[EventType "team-swiss"]
[EventRounds "9"]
[EventCountry "POL"]
[SourceTitle "EXT 2019"]
[Source "ChessBase"]
[SourceDate "2018.10.10"]
[SourceVersion "1"]
[SourceVersionDate "2018.10.10"]
[SourceQuality "1"]
[WhiteTeam "Stara Wies Parnas"]
[BlackTeam "Poznan Polan"]
[WhiteTeamCountry "POL"]
[BlackTeamCountry "POL"]

1. e4 c5 2. Nf3 a6 3. c3 g6 4. d4 cxd4 5. cxd4 d5 6. e5 Bg4 7. Be2 Bxf3 8. Bxf3 e6 9. Nc3 Nc6 10. 0-0 Bg7 11. Be3 Nge7 12. g4 h5 13. h3 hxg4 14. hxg4 Nf5 15. gxf5 Qh4 16. Re1 gxf5 17. Qd2 Bxe5 18. dxe5 Nxe5 19. Bg2 Rg8 20. Bg5 Rxg5 21. Rxe5 0-0-0 22. f4 Rg4 23. Qf2 Qh6 24. Qa7 Rxg2+ 25. Kxg2 Rg8+ 26. Kf3 Qh3+ 27. Ke2 Rg2+ 28. Kd1 Qd3+ 29. Ke1 Qg3+ 30. Kf1 Qf3+ 31. Ke1 Qg3+ 32. Kd1 Qd3+ 33. Ke1 Qg3+ 1/2-1/2

[Event "POL-chT 2nd League"]
[Site "Lublin"]
[Date "2006.09.05"]
[Round "4.106"]
[White "Bachorczyk, Marcin"]
[Black "Krystofiak, Tomasz"]
[Result "1/2-1/2"]
[WhiteElo "2058"]
[BlackElo "2093"]
[PlyCount "89"]
[EventDate "2006.09.02"]
[EventType "team-swiss"]
[EventRounds "9"]
[EventCountry "POL"]
[SourceTitle "EXT 2019"]
[Source "ChessBase"]
[SourceDate "2018.10.10"]
[SourceVersion "1"]
[SourceVersionDate "2018.10.10"]
[SourceQuality "1"]
[WhiteTeam "Gliwice Roszada"]
[BlackTeam "Poznan Polan"]
[WhiteTeamCountry "POL"]
[BlackTeamCountry "POL"]

1. e4 c5 2. g3 Nc6 3. Bg2 g6 4. d3 Bg7 5. f4 b5 6. Nf3 Rb8 7. 0-0 d6 8. Nc3 e6 9. a4 b4 10. Ne2 Nge7 11. Rb1 0-0 12. Be3 b3 13. c3 Qa5 14. Ra1 Ba6 15. g4 f5 16. Bh3 h6 17. Rf2 c4 18. gxf5 cxd3 19. Ng3 exf5 20. exf5 Nxf5 21. Nxf5 Rxf5 22. Nh4 Rf6 23. Bg2 d5 24. Nf3 Re6 25. Bd2 Bc4 26. f5 gxf5 27. Nh4 Re2 28. Rxe2 dxe2 29. Qe1 Qc7 30. Nxf5 Rf8 31. Ne3 Bd3 32. Nxd5 Qe5 33. Nf4 Bc4 34. Qg3 Ne7 35. Re1 Nf5 36. Qf2 Rd8 37. Ng6 Qe8 38. Qxf5 Rxd2 39. Qf4 Rd4 40. cxd4 Qxg6 41. d5 Qd3 42. Be4 Qd1 43. Qb8+ Bf8 44. Qg3+ Bg7 45. Qb8+ 1/2-1/2

[Event "POL-chT 2nd League"]
[Site "Lublin"]
[Date "2006.09.03"]
[Round "2.70"]
[White "Strejczek, Dariusz"]
[Black "Krystofiak, Tomasz"]
[Result "1-0"]
[WhiteElo "2137"]
[BlackElo "2093"]
[PlyCount "77"]
[EventDate "2006.09.02"]
[EventType "team-swiss"]
[EventRounds "9"]
[EventCountry "POL"]
[SourceTitle "EXT 2019"]
[Source "ChessBase"]
[SourceDate "2018.10.10"]
[SourceVersion "1"]
[SourceVersionDate "2018.10.10"]
[SourceQuality "1"]
[WhiteTeam "Lodz Szach Centrum"]
[BlackTeam "Poznan Polan"]
[WhiteTeamCountry "POL"]
[BlackTeamCountry "POL"]

1. e4 c5 2. Nf3 a6 3. d4 cxd4 4. Nxd4 Nf6 5. Nc3 e5 6. Nb3 Bb4 7. Bd3 d5 8. exd5 e4 9. Be2 Qxd5 10. Bd2 Bxc3 11. Bxc3 Qg5 12. Qd6 Nc6 13. g3 Bh3 14. Bd2 Qf5 15. Qf4 Qxf4 16. gxf4 0-0-0 17. Rg1 Rhg8 18. 0-0-0 Nd5 19. a3 g6 20. c4 Nc7 21. Be3 Ne6 22. Kc2 Bf5 23. Kc3 h5 24. Nc5 Nxc5 25. Bxc5 Kc7 26. b4 b6 27. Be3 Bc8 28. a4 Bg4 29. Bxg4 hxg4 30. Rd5 Rxd5 31. cxd5 Ne7 32. Rd1 Kd6 33. Bxb6 Nxd5+ 34. Kc4 Kc6 35. Rxd5 Kxb6 36. Rd6+ Kb7 37. Rd7+ Kb6 38. a5+ Kc6 39. Rxf7 1-0

[Event "POL-chT 2nd League"]
[Site "Lublin"]
[Date "2006.09.02"]
[Round "1.88"]
[White "Krystofiak, Tomasz"]
[Black "Stolarczyk, Adam"]
[Result "1-0"]
[WhiteElo "2093"]
[BlackElo "2191"]
[PlyCount "59"]
[EventDate "2006.09.02"]
[EventType "team-swiss"]
[EventRounds "9"]
[EventCountry "POL"]
[SourceTitle "EXT 2019"]
[Source "ChessBase"]
[SourceDate "2018.10.10"]
[SourceVersion "1"]
[SourceVersionDate "2018.10.10"]
[SourceQuality "1"]
[WhiteTeam "Poznan Polan"]
[BlackTeam "Swiecie Gambit"]
[WhiteTeamCountry "POL"]
[BlackTeamCountry "POL"]

1. d4 Nf6 2. Bg5 Ne4 3. h4 c5 4. d5 Qb6 5. Nd2 Nxg5 6. hxg5 Qxb2 7. Ngf3 g6 8. e4 d6 9. e5 dxe5 10. Rb1 Qxa2 11. Bc4 Qa5 12. Nxe5 Bg7 13. Bb5+ Kf8 14. Qe2 Qc3 15. Nec4 Qxc2 16. 0-0 Bf5 17. Rfe1 e6 18. Ne3 Qc3 19. Nxf5 e5 20. Nxg7 Kxg7 21. Rb3 Qd4 22. Rd3 Qf4 23. Rf3 Qxg5 24. Ne4 Qh5 25. Nf6 Qg5 26. Qb2 Qh4 27. Qxe5 Qd4 28. Ne8+ Kg8 29. Qe7 Qxd5 30. Nf6+ 1-0